| 000 | 00876 a2200229 4500 | ||
|---|---|---|---|
| 001 | 30968 | ||
| 005 | 20260407155618.0 | ||
| 008 | 260407a1975 arg spa d | ||
| 003 | AR-UNSa-BCEJYS | ||
| 040 |
_aAR-UNSa-BCEJYS _bspa _cAR-UNSa-BCEJYS |
||
| 080 |
_a657.31 _xPresupuestos. Previsiones. Planes financieros. Estado de flujo de efectivo |
||
| 245 | 1 | 0 | _aEl estado de activo y pasivo financiero |
| 264 | 1 |
_aBuenos Aires : _bDepalma _c1975 |
|
| 300 |
_a82 p. _c22 cm. |
||
| 505 | _a1. Antecedentes legales - 2. Normas dictadas por la Contaduría General de la Nación - 3. Encuadre técnico - 4. Análisis técnico - 5. Consideraciones finales - 6. Casos prácticos | ||
| 942 | _cBK | ||
| 590 | _aniveau_biblio:m niveau_hierar:0 | ||
| 100 | 1 | _aCesario, Miguel V. | |
| 700 | 1 | _aEspino, Rubén H. | |
| 700 | 1 | _aMartinelli Massa, Jesús J. | |
| 700 | 1 | _aRusso, Juan A. | |
| 999 |
_c2150 _d2150 |
||